La informática / (Record no. 100873)

MARC details
000 -LEADER
campo de control de longitud fija 00498nam a2200169 i 4500
001 - NÚMERO DE CONTROL
campo de control 100873
003 - IDENTIFICADOR DE NÚMERO DE CONTROL
campo de control ES-MaACL
005 - FECHA Y HORA DE LA ÚLTIMA TRANSACCIÓN
campo de control 20230906182758.0
007 - CAMPO FIJO DE DESCRIPCIÓN FÍSICA--INFORMACIÓN GENERAL
campo de control de longitud fija t|
008 - DATOS DE LONGITUD FIJA--INFORMACIÓN GENERAL
campo de control de longitud fija 051006s1970 sp ||||1| spa d
100 1# - ENTRADA PRINCIPAL--NOMBRE DE PERSONA
Nombre de persona Mathelot, Pierre.
9 (RLIN) 79014
245 13 - MENCIÓN DEL TÍTULO
Título La informática /
Mención de responsabilidad, etc. Pierre Mathelot; [traducción: Francisco Asensio].
260 ## - PUBLICACIÓN, DISTRIBUCIÓN, ETC.
Lugar de publicación, distribución, etc. Barcelona :
Nombre del editor, distribuidor, etc. Redondo,
Fecha de publicación, distribución, etc. 1970.
300 ## - DESCRIPCIÓN FÍSICA
Extensión 132 p. :
Otras características físicas il. ;
Dimensiones 18 cm.
700 1# - ENTRADA AGREGADA--NOMBRE PERSONAL
Nombre de persona Asensio, Francisco.
9 (RLIN) 23581
852 ## - LOCALIZACIÓN
Ubicación ES-MaACL
Número de control de estantería C-40414
Sublocalización o colección R.75564
Holdings
Estatus retirado Estado de pérdida Estado de daño No para préstamo Biblioteca de origen Biblioteca actual Ubicación en estantería Fecha de adquisición Fuente de adquisición Total de préstamos Signatura topográfica completa Código de barras Visto por última vez Precio de reemplazo Tipo de ítem Koha
        Biblioteca del Ateneo de Madrid Biblioteca del Ateneo de Madrid Depósito 2 17/01/2008     C-40414 1105319 23/02/2023 23/02/2023 Libro impreso